Bio 2030 plan director Medellín, Valle de Aburrá : (Registro nro. 17581)

Detalles MARC
000 -CABECERA
Campo de control 00764nam a22002177a 4500
005 - FECHA Y HORA DE LA ULTIMA TRANSACCION
Campo de control 20191224042216.0
008 - ELEMENTOS DE LONGITUD FIJA—INFORMACION GENERAL
Campo de control 150710b2011 ck ||||| |||| 00| 0 spa d
040 ## - FUENTE DE CATALOGACIÓN
Agencia catalogadora original CO-BoIAVH
Agencia transcriptora CO-BoIAVH
041 ## - IDIOMA
Código de idioma para texto/pista de sonido o título separado Español
044 ## - PAÍS DE PUBLICACIÓN
País de publicación Colombia
082 04 - NUMERO DE CLASIFICACION DECIMAL DEWEY
Número de clasificación 354.353
Número del ítem B61b
245 00 - MENCION DE TITULO
Título Bio 2030 plan director Medellín, Valle de Aburrá :
Parte restante del título unsueño que juntos podemos alcanzar
260 ## - PUBLICACION, DISTRIBUCION, ETC. (PIE DE IMPRENTA)
Lugar de publicación, distribución, etc. Medellín:
Nombre del editor, distribuidor, etc. Alcaldía de Medellín,
Fecha de publicación, distribución, etc. 2011.
300 ## - DESCRIPCION FISICA
Extensión 263 p.
Otros detalles físicos fotografías, mapas
650 #4 - ASIENTO SECUNDARIO DE MATERIA - TERMINO TEMATICO
Término temático o nombre geográfico como elemento de entrada Planeación de proyectos
Subdivisión geográfica Medellín
9 (RLIN) 35726
650 #4 - ASIENTO SECUNDARIO DE MATERIA - TERMINO TEMATICO
Término temático o nombre geográfico como elemento de entrada Planeación Ambiental
Subdivisión geográfica Medellín
9 (RLIN) 35727
650 #4 - ASIENTO SECUNDARIO DE MATERIA - TERMINO TEMATICO
Término temático o nombre geográfico como elemento de entrada Uso del suelo
9 (RLIN) 3216
650 #4 - ASIENTO SECUNDARIO DE MATERIA - TERMINO TEMATICO
Término temático o nombre geográfico como elemento de entrada Urbanismo
Subdivisión geográfica Valle de Aburrá (Antioquia, Colombia)
9 (RLIN) 35728
710 2# - ASIENTO SECUNDARIO - NOMBRE CORPORATIVO
Nombre corporativo o de jurisdicción como elemento de entrada Colombia
Unidad subordinada Alcaldía de Medellín
9 (RLIN) 35729
942 ## - ELEMENTOS ADICIONALES (KOHA)
Sistema de clasificación Dewey Decimal Classification
Tipo de ítem Libro
Existencias
Withdrawn status Lost status Sistema de Clasificación Damaged status No para préstamo Colección Inventariado Ubicación Permanente Ubicación actual Fecha de adquisición Fuente de Valor Valor Total Checkouts Número topográfico Inventario / Código de Barras Date last seen Ejemplar Price effective from Forma de adquisición Tipo de material
    Dewey Decimal Classification     General Inventariado 2017 Bogotá Bogotá 10/07/2015 Instituto 39000.00   LB-354.353 B61b 042105 10/07/2015 Ej. 1 10/07/2015 Canje Libro